Substrate noise coupling in RFICs (E-BOOK) (Record no. 213281)

000 -LEADER
fixed length control field 01050 a2200277 4500
003 - CONTROL NUMBER IDENTIFIER
control field Nust
005 - DATE AND TIME OF LATEST TRANSACTION
control field 20170207165831.0
010 ## - LIBRARY OF CONGRESS CONTROL NUMBER
LC control number 2008922524
020 ## - INTERNATIONAL STANDARD BOOK NUMBER
International Standard Book Number 1402081650
020 ## - INTERNATIONAL STANDARD BOOK NUMBER
International Standard Book Number 1402081669 (e-book)
020 ## - INTERNATIONAL STANDARD BOOK NUMBER
International Standard Book Number 9781402081651
020 ## - INTERNATIONAL STANDARD BOOK NUMBER
International Standard Book Number 9781402081668 (e-book)
035 ## - SYSTEM CONTROL NUMBER
System control number (OCoLC)ocn213479546
040 ## - CATALOGING SOURCE
Transcribing agency Nust
082 04 - DEWEY DECIMAL CLASSIFICATION NUMBER
Classification number 621.38224
100 1# - MAIN ENTRY--PERSONAL NAME
Personal name Helmy, Ahmed Abdel-Ghaffar.
245 10 - TITLE STATEMENT
Title Substrate noise coupling in RFICs (E-BOOK)
Statement of responsibility, etc. by Ahmed Helmy and Mohammed Ismail.
260 ## - PUBLICATION, DISTRIBUTION, ETC.
Place of publication, distribution, etc. [New York] :
Name of publisher, distributor, etc. Springer,
Date of publication, distribution, etc. c2008.
300 ## - PHYSICAL DESCRIPTION
Extent xv, 119 p. :
Other physical details ill. ;
Dimensions 25 cm.
440 #0 - SERIES STATEMENT/ADDED ENTRY--TITLE
Title Analog circuits and signal processing series
650 #0 - SUBJECT ADDED ENTRY--TOPICAL TERM
Topical term or geographic name entry element Telecommunications engineering (E Book)
700 1# - ADDED ENTRY--PERSONAL NAME
Personal name Ismail, Mohammed.
856 42 - ELECTRONIC LOCATION AND ACCESS
Materials specified Contributor biographical information
Uniform Resource Identifier <a href="http://www.loc.gov/catdir/enhancements/fy0904/2008922524-b.html">http://www.loc.gov/catdir/enhancements/fy0904/2008922524-b.html</a>
856 42 - ELECTRONIC LOCATION AND ACCESS
Materials specified Publisher description
Uniform Resource Identifier <a href="http://www.loc.gov/catdir/enhancements/fy1102/2008922524-d.html">http://www.loc.gov/catdir/enhancements/fy1102/2008922524-d.html</a>
856 42 - ELECTRONIC LOCATION AND ACCESS
Materials specified Table of contents only
Uniform Resource Identifier <a href="http://www.loc.gov/catdir/enhancements/fy0904/2008922524-t.html">http://www.loc.gov/catdir/enhancements/fy0904/2008922524-t.html</a>
942 ## - ADDED ENTRY ELEMENTS (KOHA)
Source of classification or shelving scheme
Koha item type Book
Holdings
Withdrawn status Lost status Source of classification or shelving scheme Damaged status Not for loan Collection code Permanent Location Current Location Date acquired Total Checkouts Full call number Barcode Date last seen Price effective from Koha item type
            Military College of Signals (MCS) Military College of Signals (MCS) 12/12/2016   621.38224 STE MCSEB-3314 12/08/2016 12/12/2016 Book
© 2023 Central Library, National University of Sciences and Technology. All Rights Reserved.